000 00540nam a2200205 a 4500
001 BRCA_1574
005 20190320203456.0
008 060905s1963----nyu#######---#000-0#eng-#
041 _aeng
044 _anyu
050 4 _aPZ3
_b.H34 1963
100 1 _aHalliday, Brett.
_95028
245 1 0 _aToo Friendly too Dead
_bMichael Shayne´s 45th case
_cBrett Halliday.
260 _aNueva York
_bDodd, Mead & Co.
_cc1963
300 _a170 p.
_c21 cm.
500 _aCEF22
650 1 4 _aNovelas policíacas
_9877
902 _aGFM
942 _2lcc
_cB
999 _c1407
_d1407